000 00487nam a2200169Ia 4500
999 _c13225
_d13225
003 OSt
005 20201016155138.0
008 190216s9999||||xx |||||||||||||| ||und||
040 _coclc
082 _a330.0924
_bHAR/J
100 _aHaridasan, V
_95842
245 0 _aDr.John Matthai 1886-1959 A Biography /
_c V Haridasan
260 _bSunil,
_c1987.
_aTrissur:
300 _a192p
650 _aAutobiography
942 _cBK
_2ddc
_h330.0924
_iHAR/J
_k330.0924
_mHAR/J